000 00442cam a2200181ua 4500
020 _c198.00
041 _aeng
_h
082 _a005.133
_bKAN/LE
100 _aKanetkar, Yashavant P .
245 _aLet us C /
_cYashavant P Kanetkar.
_hTextual Documents
250 _a8 /
_b.
260 _aNew Delhi :
_bB P B Publishers ,
_c2007.
300 _a748 ; .
365 _a198.00
504 _a
942 _cBK
999 _c13147
_d13147